[Event "RUS-ch 66th"]
[Site "Nizhnij Novgorod"]
[Date "2013.10.07"]
[Round "3"]
[White "Andreikin, Dmitry"]
[Black "Kramnik, Vladimir"]
[Result "1-0"]
[WhiteElo "2706"]
[BlackElo "2796"]
[Annotator "Friedel,J"]
[PlyCount "167"]
[EventDate "2013.10.05"]
[EventType "tourn"]
[EventRounds "9"]
[EventCountry "RUS"]
[EventCategory "18"]
[SourceTitle "CBM 157"]
[Source "ChessBase"]
[SourceDate "2013.11.12"]
[SourceVersion "1"]
[SourceVersionDate "2013.11.12"]
[SourceQuality "1"]

{For some reason, I always feel like Kramnik losing violates some basic law of
nature. Nevertheless, I'll do my best to explain how such a thing took place.} 
1. e4 e5 2. Nf3 Nc6 3. Bb5 Nf6 {Kramnik stuns the world by playing the Berlin.}
4. O-O Nxe4 5. d4 Nd6 6. dxe5 {This sideline is generally considered quite
tame.} (6. Bxc6 dxc6 7. dxe5 Nf5 8. Qxd8+ Kxd8 {is the infamous endgame which
Kramnik made popular by using it to hold Kasparov at bay.}) 6... Nxb5 7. a4
Nbd4 {This is the safest choice for Black.} (7... d6 8. e6 fxe6 9. axb5 {
is for folk who are less sound in the head.}) 8. Nxd4 Nxd4 9. Qxd4 d5 10. exd6
Qxd6 {I'm sure at this point most people were expecting the players to repeat
moves and take a nap.} 11. Qe3+ $5 {This strange looking move isn't a novelty,
but it is hard to believe it is a serious try for advantage.} (11. Qe4+ Qe6 12.
Qd4 Qd6 {is the forced draw which has occurred in countless games.}) 11... Be6
(11... Be7 12. Nc3 c6 {is another option for Black.}) (11... Qe6 {is idiotic
now due to} 12. Qg3 {and Black is under some pressure.}) 12. Nc3 a6 {It is
worth investing a tempo to take away the b5 square from White's knight.} 13.
Rd1 Qc6 14. Rd3 {This bizarre looking move has actually been tried before.} Rc8
$6 {This move is too deep for me, but I fear that it is also too deep for the
position. The idea is to defend the weak c-pawn while not committing the
bishop yet, but I think it is just too slow.} (14... Be7 {I'm curious what
Andreikin's prep was here} 15. Nb5 O-O 16. Nd4 Qd5 17. Nxe6 Qxe6 18. Qxe6 fxe6
19. Be3 {Maybe his plan was to play into this ending, though in my opinion
White's advantage is pretty much symbolic} Bf6 20. c3 Rfd8 21. Rad1 Rxd3 22.
Rxd3 Rd8 23. Rxd8+ Bxd8 24. g4 e5 25. Kg2 Kf7 26. Kf3 Ke6 27. Ke4 c6 28. f3 b5
29. b3 g6 30. c4 Be7 31. Bd2 Bd8 32. Bc3 Bc7 33. Bd2 Bd8 34. Bc3 Bc7 35. Bd2 {
1/2-1/2 (35) Jones,G (2635)-Fressinet,L (2693) Plovdiv 2012}) (14... Bc5 15.
Qg3 f6 {is another interesting possibility for Black.}) 15. Ne2 $1 {Andreikin
uses the opportunity to improve his knight.} Bc5 (15... Qxc2 16. Nd4 {would be
ill-advised.}) 16. Qg3 f6 17. Be3 {Andreikin's play is very straightforward.
Once he forces the bishop trade, Black's dark squares will be hurting.} Bd6 18.
Bf4 Bxf4 19. Nxf4 O-O {This drops the c7-pawn, but Black had no better options.
} 20. Rc3 Qd6 21. Nxe6 Qxe6 22. Rxc7 Rxc7 23. Qxc7 Rc8 24. Qxb7 Rxc2 {The dust
has settled, and while White is up a pawn, Black has clear compensation due to
his active pieces. All the same, it is clear White got what he wanted from the
opening, not something most can claim when playing Kramnik.} 25. h3 Qe2 26.
Qb8+ Kf7 27. Qa7+ Kg8 28. b4 h6 29. Qb8+ Kh7 30. Qf4 {Play has been quite
logical so far. Black is trying to keep White as passive as possible while
keeping the pawns at bay. The problem is that it is impossible to do this
indefinitely.} Qe6 31. Qd4 Qe2 32. Qf4 Qe6 33. Rb1 Qa2 {This move makes Black
go down a bit quicker, but it is an understandable try, as otherwise Black
will simply be forced into passivity once the pawns gets rolling.} 34. Qf5+ Kg8
35. Rd1 {Now that Black's queen is out of the center, White focuses his
attention on the weak king.} Qxa4 (35... Rd2 36. Rxd2 Qxd2 37. Qb1 {is
hopeless.}) 36. Rd8+ (36. b5 $1 {was the simplest way to end it, the point
being that if} axb5 37. Rd8+ Kf7 38. Qh5+ {leads to mate.}) 36... Kf7 37. Qd5+
Kg6 38. Qd3+ (38. Qd1 $1 {is crushing now, as Black is left without a good
move. This kind of move is difficult to spot over the board, however.} Qc6 39.
Qg4+ Kf7 40. Rd7+ Ke8 41. Rxg7 $18) 38... Kf7 39. Rd7+ Ke8 40. Rd8+ Kf7 41.
Rd7+ Ke8 42. Rxg7 {White missed a couple knockout blows, but he correctly
assessses the rook ending as a win. Don't believe your computers here, folks.}
Qa1+ 43. Kh2 Qe5+ 44. Qg3 Qxg3+ (44... Rxf2 45. Qxe5+ fxe5 46. Rg6 Rb2 47. Rxa6
Rxb4 48. Rxh6 {is an easy win.}) 45. Kxg3 Rb2 46. Rb7 (46. Rh7 {is also good.})
46... Kf8 (46... a5 {is a more active try, but it isn't quite good enough.} 47.
Rb6 $1 {and White will collect Black's entire kingside, as bxa5 is a threat
now.} (47. b5 a4 48. b6 a3 {will liquidate the queenside pawns leading to a
theoretically drawn ending.}) 47... axb4 (47... Rxb4 48. Rxf6 h5 49. f4 a4 50.
Rf5 Rb2 51. Rxh5 $18) 48. Rxf6 h5 49. Rh6 Kd7 50. Rxh5 Kc6 51. Rh8 Rd2 52. Rb8
$18) 47. Rh7 Rb3+ 48. f3 Rxb4 49. Rxh6 {In general, White's kingside majority
should be enough to win these endings. The idea is to advance the kingside
pawns while making sure White's rook can get behind the a-pawn. Andreikin's
technique is instructive.} Kg7 50. Rh5 Ra4 51. h4 Kg6 52. Rc5 a5 53. h5+ Kg7 (
53... Kh6 54. Kh3 Ra1 55. Kg4 {is an easy win.}) 54. f4 Ra2 55. Kf3 a4 56. Ra5
a3 57. g4 Kh6 58. Ra6 Kg7 59. Ra7+ Kg8 (59... Kh6 60. Rf7 $18) 60. Ke4 Rg2 61.
Kf5 a2 62. h6 Kh8 63. g5 fxg5 64. fxg5 Rb2 65. Kg6 Rb6+ 66. Kh5 Rb5 (66... Rb2
{doesn't improve Black's chances.} 67. Ra8+ Kh7 68. g6#) 67. Rxa2 {Now we've
reached a basic endgame every Russian schoolboy knows. The plan is to put the
rook on the e-file, get the king out, and eventually play g6.} Kh7 68. Ra7+ Kg8
69. Rg7+ Kh8 70. Rf7 Kg8 71. Rf6 Kh7 72. Re6 Ra5 73. Re7+ Kg8 74. Kg6 Ra6+ 75.
Kf5 Ra1 76. g6 {Black has a lot of checks here, but inevitably his rook will
get forced back to the 8th, and then White will force a rook trade.} Rf1+ 77.
Ke5 Re1+ 78. Kd6 Rd1+ 79. Kc5 Rc1+ 80. Kb4 Rc8 81. Kb5 Ra8 82. Kb6 Rb8+ 83. Ka7
Rd8 84. Rb7 {with Rb8 coming next, Kramnik resigned. Andreikin recovered from
yesterday's bad loss and avenged the World Cup final all in one go!} 1-0

[Event "Baku FIDE GP"]
[Site "Baku"]
[Date "2014.10.09"]
[Round "7"]
[White "Andreikin, Dmitry"]
[Black "Caruana, Fabiano"]
[Result "1-0"]
[WhiteElo "2722"]
[BlackElo "2844"]
[Annotator "Marin,M"]
[PlyCount "127"]
[EventDate "2014.10.02"]
[EventType "tourn"]
[EventRounds "11"]
[EventCountry "AZE"]
[EventCategory "21"]
[SourceTitle "CBM 163"]
[Source "ChessBase"]
[SourceDate "2014.11.11"]
[SourceVersion "1"]
[SourceVersionDate "2014.11.11"]
[SourceQuality "1"]

1. e4 d5 {A little surprise as Caruana had only ever played the Scandinavian
twice before.} 2. exd5 Qxd5 3. Nc3 Qd6 ({He might have been inspired by his
recent game against Carlsen's... first experience ever with this opening:} 3...
Qd8 {Caruana,F (2801)-Carlsen,M (2877) Tromso 2014 CBM 162 [Marin,M] (0-1, 50)}
) 4. d4 Nf6 5. Nf3 g6 6. Nb5 (6. Bc4 Bg7 7. O-O O-O 8. h3 {Dominguez Perez,L 
(2726)-Caruana,F (2786) Tashkent 2012 CBM 152 [Mekhitarian,K] (0-1, 83)}) 6...
Qb6 7. Be2 $5 {(N) If we consider that the only previous game with this move
ended in a draw after just 11 moves, we can safely say this is a novelty.
White does not try taking immediate advantage of the queen's exposure on b6.
He is just happy for having unblocked the c2-pawn with gain of time, leading
to a flexible central structure, as the knight's repeated moves are
compensated for by the queen's early moving around.} (7. c4 c6 8. Nc3 {Motylev,
A (2677)-Inarkiev,E (2676) Poikovsky 2009 CBM 131 [Kritz,L] (1/2-1/2, 18)}) (7.
Na3 c6 8. Nc4 Qd8 9. g3 {Leko,P (2732)-Caruana,F (2786) Tashkent 2012 CBM 152 
[Marin,M] (1/2-1/2, 60)}) 7... c6 8. Na3 Bg7 9. O-O $146 {Rigourously speaking,
this is the new move.} (9. Bf4 Be6 10. O-O O-O 11. Nc4 {1/2-1/2 Todorovic,G 
(2488)-Bogosavljevic,B (2552) Kragujevac 2013}) 9... O-O 10. c3 Qc7 $6 {
I do not see the point of this voluntary retreat. Under different
circumstances, it would prevent the optimal developing of the bishop to f4,
but since b2 was hanging this was not a threat anyway. I believe it was better
to wait for Na3-c4 before retreating to c7.} ({If Black had decidced already
to develop his bishop to f5, he could have played} 10... Bf5 11. Nc4 Qc7 {
Due to the tempo wasted on Na3-c4, White would not be in time to answer ...
c6-c5 with d4-d5 as in the game:} 12. Bg5 Nbd7 13. Qc1 c5 14. Rd1 Be6 $5) ({
But I am not so enthusiastic about the plan based on ...Bf5. Following my
experience as a Pirc player, I would have chosen the more flexible} 10... Nbd7
11. Nc4 Qc7 12. Bg5 b6 13. Qc1 Bb7 {[%cal Ga8d8]} 14. Bf4 Qc8 {[%cal Gc6c5]})
11. Bg5 Bf5 12. Qc1 {[%cal Gg5f4,Gg5h6]} Nbd7 13. Bf4 Qc8 14. Rd1 {White has
done his best to prepare against ...c5 and has hopes to retain at least a
slight edge.} Rd8 (14... Nd5 15. Bg3 b5 {[%cal Gc8b7] was a possible plan, too,
keeping the threat of ..c6-c5 in reserve.}) 15. Nc4 c5 16. d5 {The position is
acquiring some threads of the ...Nb8-a6 variation from the Moscow Grünfeld.
Quite complicated stuff, so we should not wonder that mutual mistakes and
inaccuracies will pop in.} Nb6 17. d6 $1 {The only way to fight for an
advantage.} ({If} 17. Nxb6 axb6 18. c4 b5 $132 {the doubled pawns prove strong.
}) 17... Qe6 $6 {[%cal Ge6c4,Ge6e2] This tempting move, attacking two white
pieces, could have run into a very strong reply.} ({The position arising after
} 17... Nxc4 18. Bxc4 exd6 19. Bxd6 Ne4 20. Bf4 {[%cal Ga2a4,Gf3e5,Ge5c4] is
assessed as dead equal by engines, but humanly speaking White has the more
pleasant position due to the relative weakness of the d5 and c4-squares.}) 18.
Bf1 $6 {The correct idea in a sub-optimal execution.} ({It would have been
useful to remove the rook from the d-file with} 18. Re1 $1 Nxc4 19. Ng5 Qd5 20.
dxe7 $1 {As we will see, this zwischenzug will not be possible in the game.}
Re8 21. Rd1 Qc6 22. Bxc4 Rxe7 {[%cal Gb7b5,Gh7h6]} 23. a4 $1 {This is a much
more active form of the structure resulting in the line from the comments to
17...Qe6 above. Black has to permanently reckon with the pseudo-sacrifice on
f7.} a6 (23... h6 $2 24. Bd6 Rd7 25. Bb5 $18) 24. Rd6 Qc8 25. Qd2 h6 26. Nxf7
$1 Rxf7 27. Be5 (27. Bxh6 $2 Ne4 {[%csl Gd6,Gh6]}) 27... Ne8 28. Bxf7+ Kxf7 29.
Qd5+ Kf8 30. Bxg7+ Kxg7 31. Rb6 $16 {/+-One rook is clearly stronger than two
minor pieces, due to the exposed position of the black king and White's
superior activity.}) 18... Nxc4 19. Ng5 Qc8 20. Bxc4 ({Unfortunately,} 20. dxe7
$2 {does not work due to} Rxd1 $19) 20... e6 {The position has settled down,
at least temporarily. Is the d6-pawn weak or strong? This is hard to evaluate,
only a practical game and susequent analysis can give a more or less
definitive answer. The question is almost as complicated as: "Is the Grünfeld
playable?"} 21. Be5 Qc6 22. a4 {As in a similar line above, this not only
ensures the bishop against ...b7-b5, but also creates the threat Bb5.} a6 (
22... Ne8 $2 23. Bb5 $1 Qb6 24. d7 Nc7 25. Bxg7 (25. Rd6 Bxe5 26. Rxb6 axb6 $14
) 25... Kxg7 26. g4 $1 Bxg4 27. Qf4 $18) 23. Be2 $5 {Trying to hit the queen
from the other available diagonal.} ({White has no time to play the
strategically desirable} 23. a5 {because of} Ne8 $1 {[%csl Gd6,Ge5]}) 23... c4
$2 {This clears some space for the queen but weakens the c-pawn and the
d4-square.} ({A better chance to obtain adequate counterplay was} 23... h6 {
when two minor pieces would be competing for the f3-square.}) 24. Rd4 Qc5 25.
Nf3 b5 {More or less forced, but it develops... the a1-rook without the
necessity of moving!} (25... Ng4 26. Bxg7 Kxg7 27. h3 Nxf2 (27... e5 28. hxg4
exd4 29. cxd4 Qxd6 30. gxf5 $18) 28. Qe3 Nxh3+ 29. gxh3 Rxd6 30. Kf2 $16) 26.
h3 $1 {Suddently, the f5-bishop is in danger, a typical drawback of this way
of developing it.} h6 $2 {I do not get the point behind this move as it does
not prepare against g2-g4 in any way. If I had not seen that Black played ...
h6-h5 at a later moment, I would have believed that it was an error of
transmission and that Caruana actually advanced his pawn to h5 at once.} ({
The attempt to prepare against g2-g4 by putting some pressure on the queenside
with} 26... Rac8 {does not seem entirely satisfactory:} 27. g4 Bd3 28. Bxd3
cxd3 29. axb5 axb5 30. Qe1 (30. Rxd3 Nd5) 30... Nd5 31. Bxg7 Kxg7 32. Qe5+ Kg8
33. Ng5 Qxd6 34. Nxf7 $1 Qxe5 (34... Kxf7 $2 35. Ra7+) 35. Nxe5 b4 36. c4 Nb6
37. Rxd8+ Rxd8 38. b3 $16) (26... h5 {was necessary, with the possible
continuation} 27. d7 Nxd7 28. Bxg7 Kxg7 29. axb5 e5 30. Rxc4 Qxb5 $14) 27. d7
$6 ({I fail to find anything wrong with} 27. g4 Bd3 28. Bxd3 cxd3 29. axb5 axb5
30. Rxa8 Rxa8 31. Bxf6 Bxf6 32. Rxd3 $16 {Could Andreikin have feared that his
extra pawn was not enough for a win? Hardly so, it might have been some sort
of mutual hallucination.}) 27... Qe7 $2 ({Here, too,} 27... Nxd7 {would have
been a better chance:} 28. Bxg7 Kxg7 29. axb5 e5 30. Rxc4 Qxb5 $14) 28. axb5
axb5 29. Rxa8 Rxa8 30. Qd1 $6 (30. g4 $1 Bd3 31. Bxd3 cxd3 32. Bxf6 Bxf6 33.
Rxd3 Rd8 34. Qd2 $16) 30... Nd5 31. Bxg7 Kxg7 32. Ne5 f6 33. Nc6 Qxd7 34. Nb4 {
White's position looks more pleasant, as Black's seventh rank is weak. But it
will turn out that White's king is not entirely safe either!} Qa7 $2 {
Obviously, Black has to search for counterplay along the a-file. However, when
setting up batteries, queens go in front of the bishops, but... behind the
rooks...} (34... Ra4 $5 35. g4 (35. Nxd5 exd5 36. Rxd5 Qa7 {[%cal Gf5d7]} 37.
Qd2 Ra1+ 38. Kh2 Qxf2 39. Rxb5 Bd3 40. Rb7+ Kg8 $11 {With both kings exposed,
one way or another, the game will end in a perpetual.}) 35... Qa7 36. Qd2 Rxb4
37. cxb4 Bd3 $11 {Retrieving the exchange.}) 35. g4 $1 {Finally!} Bd3 36. Bxd3
cxd3 37. Qxd3 Qa1+ 38. Kg2 Qxb2 39. Nxd5 exd5 40. Rxd5 {Black's counterplay
has left the queen far from the weakened king and the b5-pawn hanging.} Ra7 (
40... Rb8 41. Rd7+ Kh8 42. Qxg6 $18) 41. Rxb5 {This is good enough for
retaining chances for a technical win, but...} ({White could have used the
favourable queenside situation for starting a decisive attack:} 41. h4 $3 Rb7
42. h5 (42. g5 $18 {, weakening the dark squares, is good enough, too}) 42...
gxh5 43. gxh5 {Alekhine,A-Saemisch,F Baden-Baden 1925 (11) 1-0 This method of
winning reminds me of the final phase of the game}) 41... Qa2 42. Rd5 {With
the black king exposed, the queen ending would be won. If necessary, White
could bring his king into the attack, when the exposure of his rival would
allow attempts at parrying perpetual check. But the rook ending may offer
saving chances, it depends on the concrete circumstances.} Qa4 43. Rd6 Qe8 44.
Qd4 Qa8+ 45. Kh2 Rf7 46. c4 Qe8 47. c5 Qe5+ {There was nothing better, as the
pawn was becoming too strong. But the weakness of the e5-pawn proves fatal.}
48. Qxe5 fxe5 49. Kg2 Rf4 50. Re6 $1 Re4 51. f3 Re2+ 52. Kf1 Rd2 53. Rxe5 Kf6
54. Re2 {White will bring the rook behind the passed pawn and even if he loses
the f3-pawn this will be just enough for a simple win.} Rd1+ 55. Re1 Rd3 56.
Rc1 Rxf3+ 57. Ke2 Ra3 58. c6 Ra8 59. c7 Rc8 60. Rc5 $5 {[%cal Ge2b5,Gb5b7]
Setting up an original plan. Usually, White advances with his king to the
centre and then, with the help of sixth rank checks, invades the kingside.} Ke6
61. Kd3 h5 62. g5 ({Blindly following the initial plan could result in a draw:
} 62. Kc4 hxg4 63. hxg4 Kd6 64. Kd4 $1 {It is time to switch to the classical
plan.} ({If} 64. Kb5 $2 Rxc7 65. Rxc7 Kxc7 66. Kc5 g5 $11) 64... g5 65. Rc4 Ke6
66. Rc6+ Kd7 67. Kd5 Rxc7 68. Rxc7+ Kxc7 69. Ke6 {[%csl Gg5,Gg7] and Black is
not in time to reach the opposition.}) 62... Kd6 63. Kc4 h4 64. Kb5 {A great
fighting game, despite the inevitable mistakes.} 1-0